[Event "Helsinki-chA2"]
[Site "Helsinki"]
[Date "2009.??.??"]
[Round "9"]
[White "Kangas, Mauno"]
[Black "Tocklin, Tomi"]
[Result "1-0"]
[WhiteElo "1960"]
[BlackElo "1948"]
[PlyCount "69"]
[EventDate "2009.??.??"]
[EventType "tourn"]
[EventRounds "9"]
[EventCountry "FIN"]
[SourceTitle "EXT 2011"]
[Source "ChessBase"]
[SourceDate "2010.11.26"]
[SourceVersion "1"]
[SourceVersionDate "2010.11.26"]
[SourceQuality "1"]

1. Nf3 Nf6 2. g3 g6 3. Bg2 c5 4. 0-0 Bg7 5. d3 0-0 6. e4 d6 7. Nbd2 Nc6 8. c3 Rb8 9. Re1 Nd7 10. Nf1 b5 11. d4 b4 12. Qa4 Qc7 13. Ne3 Nb6 14. Qc2 Bd7 15. Nd5 Qd8 16. dxc5 dxc5 17. Be3 Nxd5 18. exd5 Bf5 19. Qc1 bxc3 20. bxc3 Ne5 21. Nxe5 Bxe5 22. Bxc5 Qc7 23. Qe3 Bxc3 24. Qxc3 Rfc8 25. Qe3 Qxc5 26. Qxc5 Rxc5 27. Rxe7 Rb2 28. Rd1 Rcc2 29. d6 Rd2 30. Ree1 Rxa2 31. Bd5 Rxd1 32. Rxd1 Ra6 33. Bb7 Rb6 34. d7 Bxd7 35. Rxd7 1-0

[Event "Helsinki-ch 2009 Group A2"]
[Site "Helsinki"]
[Date "2008.12.??"]
[Round "2"]
[White "Kangas, Mauno"]
[Black "Taipale, Reijo"]
[Result "1/2-1/2"]
[WhiteElo "2033"]
[BlackElo "1854"]
[PlyCount "101"]
[EventDate "2008.12.27"]
[EventType "swiss"]
[EventRounds "3"]
[EventCountry "FIN"]
[SourceTitle "EXT 2022"]
[Source "ChessBase"]
[SourceDate "2021.10.06"]
[SourceVersion "1"]
[SourceVersionDate "2021.10.06"]
[SourceQuality "1"]

1. Nf3 g6 2. g3 Bg7 3. Bg2 d6 4. d4 c6 5. e4 Qc7 6. c3 h6 7. Na3 a6 8. Bd2 Nd7 9. Rc1 e5 10. 0-0 Ne7 11. b4 g5 12. Nc2 b5 13. Ne3 Nb6 14. Be1 Be6 15. Qc2 0-0 16. Nf5 Bc4 17. Bd2 Bxf1 18. Rxf1 Nxf5 19. exf5 f6 20. g4 Nc4 21. Bc1 Rac8 22. h4 Qe7 23. Re1 Rfe8 24. hxg5 fxg5 25. Nh2 Qf6 26. Rd1 exd4 27. cxd4 d5 28. f4 Rc7 29. fxg5 hxg5 30. Nf3 Bh6 31. Bh1 Re4 32. Ne5 Rxe5 33. dxe5 Qxe5 34. Qf2 Re7 35. Rf1 Qe2 36. Bf3 Qxf2+ 37. Kxf2 Ne5 38. Bd2 Nxf3 39. Kxf3 Re4 40. Rh1 Bf8 41. Bxg5 Rxb4 42. Bf6 Bd6 43. Rh8+ Kf7 44. Bg5 Ra4 45. Rd8 Ra3+ 46. Ke2 Rxa2+ 47. Kd3 Ra3+ 48. Ke2 Be5 49. Rd7+ Kf8 50. Rd8+ Kf7 51. Rd7+ 1/2-1/2

[Event "Helsinki-chB 0708"]
[Site "Helsinki"]
[Date "2008.01.06"]
[Round "9"]
[White "Kangas, Mauno"]
[Black "Munukka, Timo"]
[Result "0-1"]
[WhiteElo "2033"]
[BlackElo "2017"]
[PlyCount "50"]
[EventDate "2007.12.27"]
[EventType "tourn"]
[EventRounds "9"]
[EventCountry "FIN"]
[SourceTitle "EXT 2009"]
[Source "ChessBase"]
[SourceDate "2008.11.26"]
[SourceVersion "1"]
[SourceVersionDate "2008.11.26"]
[SourceQuality "1"]

1. Nf3 Nf6 2. d4 g6 3. Bg5 Bg7 4. Nc3 d5 5. Qd2 Ne4 6. Qd3 Nxg5 7. Nxg5 0-0 8. h4 c6 9. h5 Bf5 10. Qd2 h6 11. e4 dxe4 12. Ngxe4 Qxd4 13. Qxd4 Bxd4 14. hxg6 Bxg6 15. 0-0-0 Bg7 16. Rh3 b5 17. Nc5 a5 18. g4 Ra7 19. f4 e6 20. Bg2 Re7 21. Re3 f5 22. Rxe6 Rxe6 23. Nxe6 Re8 24. Nxg7 Kxg7 25. Rg1 fxg4 0-1

[Event "Helsinki-chB 0708"]
[Site "Helsinki"]
[Date "2008.01.02"]
[Round "8"]
[White "Luodonpaa, Martti J"]
[Black "Kangas, Mauno"]
[Result "1-0"]
[WhiteElo "1991"]
[BlackElo "2033"]
[PlyCount "123"]
[EventDate "2007.12.27"]
[EventType "tourn"]
[EventRounds "9"]
[EventCountry "FIN"]
[SourceTitle "EXT 2009"]
[Source "ChessBase"]
[SourceDate "2008.11.26"]
[SourceVersion "1"]
[SourceVersionDate "2008.11.26"]
[SourceQuality "1"]

1. b3 c5 2. Nf3 Nf6 3. Bb2 g6 4. g3 Bg7 5. Bg2 Nc6 6. 0-0 d6 7. d3 Bg4 8. h3 Bd7 9. Nbd2 b5 10. a4 b4 11. Nc4 0-0 12. e4 Qc7 13. e5 Nd5 14. exd6 exd6 15. Bxg7 Kxg7 16. Re1 Rae8 17. Qd2 Nc3 18. Kh2 d5 19. Ne3 h6 20. Ng1 Be6 21. Ne2 Nxe2 22. Rxe2 Qd7 23. Nf1 f6 24. Rd1 g5 25. Re3 f5 26. f4 g4 27. h4 d4 28. Re2 Rf6 29. Qe1 Rc8 30. Nd2 Ne7 31. Re5 Kg6 32. Qe2 Nd5 33. Bxd5 Bxd5 34. Re1 Qc6 35. Re7 Rf7 36. Qe5 Rd8 37. h5+ Kh7 38. Qxf5+ Kg8 39. Qxg4+ Kf8 40. Rxf7+ Bxf7 41. Re5 Rd6 42. Ne4 Rd5 43. Qf5 Rxe5 44. Qxe5 Bd5 45. Qf5+ Kg7 46. Qe5+ Kf8 47. Qb8+ Kf7 48. Qxa7+ Ke6 49. Qg7 Bxe4 50. Qe5+ Kf7 51. dxe4 Qa6 52. Qd5+ Kg7 53. Qd7+ Kf8 54. Qf5+ Kg7 55. Qg4+ Kf7 56. e5 c4 57. Qd7+ Kf8 58. Qxd4 cxb3 59. Qxb4+ Kg7 60. Qe7+ Kg8 61. Qd8+ Kg7 62. Qf6+ 1-0

[Event "Helsinki-chB 0708"]
[Site "Helsinki"]
[Date "2007.12.31"]
[Round "5"]
[White "Korhonen, Erkki"]
[Black "Kangas, Mauno"]
[Result "1-0"]
[WhiteElo "2033"]
[BlackElo "1992"]
[PlyCount "71"]
[EventDate "2007.12.27"]
[EventType "tourn"]
[EventRounds "9"]
[EventCountry "FIN"]
[SourceTitle "EXT 2009"]
[Source "ChessBase"]
[SourceDate "2008.11.26"]
[SourceVersion "1"]
[SourceVersionDate "2008.11.26"]
[SourceQuality "1"]

1. d4 Nf6 2. c4 d6 3. Nf3 g6 4. Nc3 Bg7 5. e4 c6 6. Be2 0-0 7. 0-0 Nbd7 8. b3 c5 9. Qc2 cxd4 10. Nxd4 Nc5 11. Rd1 Ng4 12. Bb2 f5 13. exf5 gxf5 14. b4 e5 15. Nf3 e4 16. bxc5 exf3 17. Bxf3 Qh4 18. h3 Be5 19. Bd5+ Rf7 20. cxd6 Bd7 21. Nb5 Bh2+ 22. Kf1 Bf4 23. Nc7 Be3 24. Bxf7+ Kxf7 25. hxg4 Bb6 26. Nxa8 Bc5 27. Rd5 Qh1+ 28. Ke2 Qxg2 29. Rxf5+ Kg8 30. Rxc5 Qxg4+ 31. Kf1 Qh3+ 32. Ke1 Qh1+ 33. Kd2 Qh6+ 34. Kc3 Qxd6 35. Rg1+ Kf8 36. Rf5+ 1-0